As perspectivas democráticas de luta armada ao voto na América Latina: os casos dos partidos guerrilheiros do M-19, na Colômbia, da FMLN, em El Salvador e da URNG, na Guatemala /
Uloženo v:
| Hlavní autor: | |
|---|---|
| Médium: | Text |
| Tagy: |
Přidat tag
Žádné tagy, Buďte první, kdo vytvoří štítek k tomuto záznamu!
|
MARC
| LEADER | 00000 a a2200000 04500 | ||
|---|---|---|---|
| 001 | 43496 | ||
| 003 | |||
| 040 | |||
| 100 | |a Santos Poletto, Ricardo dos | ||
| 245 | |a As perspectivas democráticas de luta armada ao voto na América Latina: |b os casos dos partidos guerrilheiros do M-19, na Colômbia, da FMLN, em El Salvador e da URNG, na Guatemala / |c Ricardo dos Santos Poletto | ||
| 773 | |g volumen13, número23 ( , 2007), páginas 29-44 : tablas | ||
| 999 | |c 28146 |d 28146 | ||
